| 000 | 01226nam a22002177a 4500 | ||
|---|---|---|---|
| 003 | OSt | ||
| 005 | 20230622144319.0 | ||
| 008 | 140603b xxu||||| |||| 00| 0 eng d | ||
| 020 | _a9781408017999 | ||
| 040 | _cWIUC | ||
| 050 | _aHD62.7.S6 | ||
| 100 |
_aStokes, David. _91823 |
||
| 245 |
_aSmall business management and entrepreneurship. / _cDavid Stokes ... [et al.] |
||
| 250 | _a6th ed. | ||
| 260 |
_aHampshire : _bSouth-Western Cengage Learning, _c2010. |
||
| 300 |
_axviii, 476p.: _bill.; _c25cm. |
||
| 500 | _aIncludes index and glossary. | ||
| 505 | _aContents: Understanding small business and entrepreneurship: Small business in the economy -- Entrepreneurship, the entrepreneur and the owner-manager -- The small business and entrepreneurial environment -- Innovation and the marketplace -- Information and help -- Creating the entrepreneurial small business: Business planning -- Successful small business strategies -- Start-ups and franchises -- Buying an existing business -- Forming and protecting a business -- Managing the entrepreneurial small business: Management of people and resources -- Marketing -- Money -- Business exits and realizing value. | ||
| 700 |
_aWilson, Nick. _91824 |
||
| 942 |
_2lcc _cBK |
||
| 999 |
_c6790 _d14290 |
||